Pitch Perfect - Statistics

General Stats
  • This quiz has been taken 1,896 times
  • The average score is 4 of 6
Answer Stats
Hint Answer % Correct
What is the girls group's name? Barden Bella's
90%
What is the main characters name? Becca
68%
What is the fancy word for singing? Acapella
65%
What is Fat Amy's real name? Fat Patricia
63%
What song did they have to prepare for the auditions? Since you've been gone
55%
What is the guys group's name? Trebblemakers
17%
No matching quizzes found
Score Distribution
Percent of People with Each Score
Percentile by Number Answered
Your Score History
You have not taken this quiz